Локальные микропроцессорные вычислительные сети / (Record no. 37014)
[ view plain ]
| 000 -LEADER | |
|---|---|
| fixed length control field | 01118-am-a2200253-a-4500 |
| 001 - CONTROL NUMBER | |
| control field | 000113166 |
| 003 - CONTROL NUMBER IDENTIFIER | |
| control field | AM-YEHGA |
| 005 - DATE AND TIME OF LATEST TRANSACTION | |
| control field | 20250617122426.0 |
| 008 - FIXED-LENGTH DATA ELEMENTS--GENERAL INFORMATION | |
| fixed length control field | 950720s1984 xxu 000 0 ||| u |
| 020 ## - INTERNATIONAL STANDARD BOOK NUMBER | |
| Terms of availability | 1.20 |
| 040 ## - CATALOGING SOURCE | |
| Original cataloging agency | AM-YeHGA |
| 090 ## - LOCALLY ASSIGNED LC-TYPE CALL NUMBER (OCLC); LOCAL CALL NUMBER (RLIN) | |
| -- | 37578 |
| 100 10 - MAIN ENTRY--PERSONAL NAME | |
| Personal name | Прангишвили, Ивери Варламович |
| 245 10 - TITLE STATEMENT | |
| Title | Локальные микропроцессорные вычислительные сети / |
| Statement of responsibility, etc. | И.В. Прангишвили, В.С. Подлазов, Г.Г. Стецюра. |
| 260 ## - PUBLICATION, DISTRIBUTION, ETC. | |
| Place of publication, distribution, etc. | Москва : |
| Name of publisher, distributor, etc. | Наука , |
| Date of publication, distribution, etc. | 1984. |
| 300 ## - PHYSICAL DESCRIPTION | |
| Extent | 176 с. : |
| Other physical details | и ; |
| Dimensions | . |
| -- | 21 см. |
| 500 ## - GENERAL NOTE | |
| General note | ամբողջապես կամ մեկ օրացույցային տարվա ընթացքում հրատարակվող մենագրություն 1984 |
| 500 ## - GENERAL NOTE | |
| General note | այլ |
| 500 ## - GENERAL NOTE | |
| General note | В надзаг.: АН СССР, Ин-т пробл. управления |
| 650 #4 - SUBJECT ADDED ENTRY--TOPICAL TERM | |
| Topical term or geographic name entry element | Вычислительные сети |
| 650 #4 - SUBJECT ADDED ENTRY--TOPICAL TERM | |
| Topical term or geographic name entry element | Микропроцессоры |
| 700 1# - ADDED ENTRY--PERSONAL NAME | |
| Personal name | Подлазов, Виктор Сергеевич |
| 700 1# - ADDED ENTRY--PERSONAL NAME | |
| Personal name | Стецюра, Геннадий Георгиевич |
| Withdrawn status | Lost status | Source of classification or shelving scheme | Damaged status | Not for loan | Collection | Home library | Current library | Date acquired | Total checkouts | Full call number | Barcode | Date last seen | Price effective from | Koha item type | Public note |
|---|---|---|---|---|---|---|---|---|---|---|---|---|---|---|---|
| Universal Decimal Classification | General | Fundamental Scientific Library | Fundamental Scientific Library | 21/12/2016 | PII/514527 | FL0207608 | 21/12/2016 | 21/12/2016 | Գրքեր / Books | 30 Days Loan | |||||
| Universal Decimal Classification | General | Fundamental Scientific Library | Fundamental Scientific Library | 21/12/2016 | PII/515868 | FL0203717 | 21/12/2016 | 21/12/2016 | Գրքեր / Books | 30 Days Loan |
ՀՀ Գիտությունների ազգային ակադեմիայի հիմնարար գիտական գրադարան = Fundamental Scientific Library of NAS RA
All site content, except where otherwise noted, is licensed under a